000 00848nas a2200265 4500
001 BR0102604
003 BR-BrBNA
005 20231205102244.0
007 ta
008 230509b bl.|||p| |||| 00| 00por d
040 _aBR-BrBNA
_bpor
_cBiblioteca Nacional de Agricultura
041 _a(Pt)
072 _aL10
100 1 _aBongalhardo, D.C.
100 1 _aDionello, N.J.L.
100 1 _aLedur, M.C.
245 1 _aParametros geneticos para caracteres de semen de aves White Leghorn; 1: herdabilidades e correlacoes
650 _aGalinha para Postura
650 _aMelhoramento Genetico Animal
650 _aHereditariedade
650 _aSemen
773 0 _tRevista Brasileira de Zootecnia (Brazil)
_xISSN 1516-3598
_g(Sep-Oct 2000), v. 29(5) p. 1320-1326
_wBR0102604
909 _a202311
_bLúcia
_c55
_dLúcia Elande
942 _2AGRIS
_n0
_cANA
999 _c166590
_d166590